| 000 | 007240000a22002170004500 | ||
|---|---|---|---|
| 003 | LK-CoMWRAF | ||
| 005 | 20231130015433.0 | ||
| 008 | 230817t1995 ||||| |||| 00| 0 eng d | ||
| 020 | _a9559261010 | ||
| 040 |
_aLK-CoMWRAF _dLK-CoMWRAF _eLK-CoMWRAF |
||
| 041 | _aeng | ||
| 082 |
_a331.4 _bUYA |
||
| 100 | _aUyangoda, Jayadeva | ||
| 245 |
_aLife under milk wood: _bwomen workers in rubber plantations: an overview |
||
| 260 |
_aColombo: _bWomen's Education and Research Centre, _c1995 |
||
| 300 | _a97 p. ; 23 cm. | ||
| 490 |
_a Women's Education and Research Centre publication, _vno. 41/E19, |
||
| 520 | _aStudy conducted on Kalutara District in 1992 | ||
| 650 | _aRubber plantation workers -Sri Lanka | ||
| 942 | _cBK | ||
| 999 |
_c2472 _d2472 |
||